[Event "Huesca 4th"]
[Site "Huesca"]
[Date "2011.09.05"]
[Round "4.8"]
[White "Escarabajal Escuer, Jose Luis"]
[Black "Temprano Mateos, Luis Jose"]
[Result "0-1"]
[WhiteElo "1567"]
[BlackElo "2010"]
[PlyCount "112"]
[EventDate "2011.06.20"]
[EventType "swiss"]
[EventRounds "6"]
[EventCountry "ESP"]
[SourceTitle "EXT 2024"]
[Source "ChessBase"]
[SourceDate "2023.10.10"]
[SourceVersion "1"]
[SourceVersionDate "2023.10.10"]
[SourceQuality "1"]

1. Nf3 d5 2. g3 Nd7 3. Bg2 e5 4. d4 e4 5. Nfd2 f5 6. c4 c6 7. cxd5 cxd5 8. Qa4 Ngf6 9. Nc3 Bd6 10. Nf1 0-0 11. Bf4 Bxf4 12. gxf4 Qe7 13. e3 Nb6 14. Qb3 Be6 15. Ng3 Nc4 16. Ke2 Rac8 17. Rhc1 Rc6 18. Na4 b6 19. Qd1 Rfc8 20. b3 Qa3 21. bxc4 Rxc4 22. Rxc4 Rxc4 23. Nxb6 axb6 24. Qb3 Qxb3 25. axb3 Rc2+ 26. Ke1 Rb2 27. Ra8+ Kf7 28. Ra7+ Kg6 29. Re7 Bc8 30. Rc7 Bd7 31. h4 Rxb3 32. h5+ Kh6 33. Bh3 g6 34. hxg6 hxg6 35. Ne2 Rb1+ 36. Rc1 Rxc1+ 37. Nxc1 Bb5 38. Na2 Kg7 39. Nc3 Bc4 40. Bf1 Bxf1 41. Kxf1 Kf7 42. Ke2 Ke7 43. f3 exf3+ 44. Kxf3 Kd6 45. Ke2 Kc6 46. Kd3 Ne4 47. Na2 Kb5 48. Kc2 Kc4 49. Nc1 Ng3 50. Nd3 b5 51. Ne5+ Kb4 52. Nxg6 Ka3 53. Ne7 b4 54. Nxd5 b3+ 55. Kb1 Ne4 56. Nb6 Nd2+ 0-1